| 000 | 01073nmm a2200325 a 4500 | ||
|---|---|---|---|
| 001 | ocm0001083688 | ||
| 003 | TR-IsHL | ||
| 005 | 20201028151506.0 | ||
| 008 | 150709s1973 tu tur | ||
| 007 | cr cn | ||
| 035 |
_a1083688 _b(N$T) |
||
| 050 | 0 | 4 |
_aKKX3800 _b.Y87 1973 |
| 090 | 0 | 4 |
_aKKX3800 _b.Y87 1973 |
| 100 | 1 | _aYurtcan, Erdener | |
| 245 | 1 | 0 |
_aKesin hükmün ceza muhakemesini önleme etkisi _h[electronic resource] / _cErdener Yurtcan |
| 260 |
_aİstanbul : _bErdener Yurtcan Kitaplığı, _c1973 |
||
| 300 | _a144 p. | ||
| 650 | 4 | _aHukuk | |
| 650 | 4 | _aLaw | |
| 650 | 0 |
_aKesin hüküm _x Avrupa |
|
| 650 | 0 |
_aRes judicata _x Europe |
|
| 650 | 0 |
_aKesin hüküm _x Türkiye |
|
| 650 | 0 |
_aRes judicata _x Turkey |
|
| 650 | 0 |
_aYargılamanın yenilenmesi _x Avrupa |
|
| 650 | 0 |
_aRetrial _x Europe |
|
| 650 | 0 |
_aYargılamanın yenilenmesi _x Türkiye |
|
| 650 | 0 |
_aRetrial _x Turkey |
|
| 650 | 7 |
_aLAW / Criminal Law / General _2bisacsh |
|
| 856 | 4 | 0 | _uhttp://search.ebscohost.com/login.aspx?direct=true&scope=site&db=e011xww&AN=1083688 |
| 999 |
_c11034 _d11034 |
||